Mistrzostwa Świata 2022 Quiz - Statystyki

Ogólne statystyki
  • Ten quiz został rozwiązany 83 razy
  • Średni wynik to 7 z 9
Statystyki odpowiedzi
Pytanie Odpowiedź % Poprawnych
Finał mundialu wygrała? Argentyna
99%
Ile drużyn zagrało na mundialu? 32
96%
Mecz Polska-Meksyk zakończył się wynikiem? 0-0
93%
Mecz Polska-Arabia zakończył się wynikiem? 2-0
93%
Mecz o 3 miejsce wygrała? Chorwacja
90%
Mecz Polska-Argentyna zakończył się wynikiem? 0-2
86%
Bramkarzem mundialu został? Emiliano Martinez
61%
Snajperem mundialu został? Kylian Mbappe
51%
Młodym piłkarzem mundialu był? Enzo Fernandez
26%
Nie znaleziono quizów pasujących do podanych kryteriów
Rozkład punktacji
Procent ludzi z każdym wynikiem
Percentyl według liczby udzielonych odpowiedzi
Twoja historia wyników
Nie rozwiązałeś tego quizu